000 00306nam a22001337a 4500
008 171004b xxu||||| |||| 00| 0 eng d
020 _a9780683303308
041 _aeng
080 _28 ED
_a159.9
100 _a48
101 _aPSI
245 _aSYNOPSISIS OF PSYCHIATRY
_cKAPLAN.H.I
942 _2udc
_cBK
999 _c31804
_d31804